[Event "Bristol Spring 2017 Fide Open"]
[Site "Bristol"]
[Date "2017.02.26"]
[Round "4.12"]
[White "Howell, Oliver W"]
[Black "Fowler, Hugo"]
[Result "1/2-1/2"]
[WhiteElo "1771"]
[BlackElo "1553"]
[PlyCount "143"]
[EventDate "2017.02.24"]
[SourceTitle "Bristol Spring FO 2017"]
[Source "Dave Tipper"]
[SourceDate "2017.03.04"]
[SourceVersion "1"]
[SourceVersionDate "2017.03.04"]
[SourceQuality "2"]

1. Nf3 Nf6 2. c4 c5 3. g3 g6 4. Bg2 Bg7 5. O-O O-O 6. Nc3 d5 7. cxd5 Nxd5 8.
Nxd5 Qxd5 9. d3 Nc6 10. a3 Rd8 11. Qc2 b6 12. Be3 Bb7 13. Rac1 Nd4 14. Bxd4
Bxd4 15. Nh4 Qd7 16. Bxb7 Qxb7 17. Nf3 Bg7 18. Rfd1 Bh6 19. Rb1 Rac8 20. Nd2
Bxd2 21. Rxd2 Qd5 22. Rbd1 Rd7 23. Rc1 b5 24. d4 f5 25. Rd3 c4 26. e3 Kf7 27.
Rc3 Rdc7 28. Qe2 Rc6 29. Qd1 Ra8 30. Ra1 Rac8 31. Qd2 Rd6 32. Rd1 Rd7 33. Rc2
Qe4 34. Qc3 Qd5 35. Rcd2 Kf6 36. Re1 g5 37. h3 Kg6 38. Qc2 Rc6 39. g4 Qf3 40.
Qxf5+ Qxf5 41. gxf5+ Kxf5 42. Kg2 h5 43. Kg3 Rcc7 44. d5 Rd6 45. e4+ Ke5 46.
Re3 Rf6 47. f3 Rc8 48. Rc3 Rd6 49. Kf2 Kf4 50. Rd4 e6 51. Ke2 exd5 52. exd5+
Ke5 53. Ke3 Rxd5 54. Re4+ Kd6 55. b3 Re5 56. Kd4 Rxe4+ 57. fxe4 Rf8 58. bxc4
bxc4 59. Rxc4 Rf3 60. e5+ Kd7 61. Rc3 Rxc3 62. Kxc3 Ke6 63. Kd4 g4 64. hxg4
hxg4 65. Ke4 a5 66. Kf4 a4 67. Kxg4 Kxe5 68. Kf3 Kd4 69. Ke2 Kc3 70. Kd1 Kb2
71. Kd2 Kxa3 72. Kc3 1/2-1/2

[Event "Bristol Spring 2017 Fide Open"]
[Site "Bristol"]
[Date "2017.02.26"]
[Round "5.1"]
[White "Arkell, Keith C"]
[Black "Turner, Joseph David"]
[Result "1-0"]
[WhiteElo "2406"]
[BlackElo "1936"]
[PlyCount "95"]
[EventDate "2017.02.24"]
[SourceTitle "Bristol Spring FO 2017"]
[Source "Dave Tipper"]
[SourceDate "2017.03.04"]
[SourceVersion "1"]
[SourceVersionDate "2017.03.04"]
[SourceQuality "2"]

1. d4 Nf6 2. Nf3 g6 3. c4 Bg7 4. Nc3 O-O 5. g3 d6 6. Bg2 Nc6 7. O-O e5 8. dxe5
dxe5 9. Bg5 Be6 10. Nd5 Bxd5 11. cxd5 Qxd5 12. Qxd5 Nxd5 13. Nxe5 Nxe5 14. Bxd5
c6 15. Bb3 a5 16. a4 Nd7 17. Rab1 Nc5 18. Bc2 Rfe8 19. Be3 Ne4 20. Rfd1 Re7 21.
Rd3 Rae8 22. Bb6 h5 23. e3 Re5 24. Rd7 Rd5 25. Rxd5 cxd5 26. Bxa5 d4 27. exd4
Bxd4 28. Bxe4 Rxe4 29. Kf1 h4 30. Bd2 Be5 31. b4 Bd6 32. a5 Rd4 33. Ke2 f5 34.
Bc3 Re4+ 35. Kd3 hxg3 36. hxg3 Rg4 37. Bd4 Bb8 38. b5 Kf7 39. a6 Ke6 40. axb7
Kd5 41. Be3 g5 42. Rc1 f4 43. gxf4 gxf4 44. Bd4 f3 45. Rc5+ Kd6 46. Rc8 Rxd4+
47. Kxd4 Ba7+ 48. Ke4 1-0

[Event "Bristol Spring 2017 Fide Open"]
[Site "Bristol"]
[Date "2017.02.26"]
[Round "5.2"]
[White "Bicknell, Carl"]
[Black "Garcia Hernandez, Oscar"]
[Result "1/2-1/2"]
[WhiteElo "2082"]
[BlackElo "2013"]
[PlyCount "26"]
[EventDate "2017.02.24"]
[SourceTitle "Bristol Spring FO 2017"]
[Source "Dave Tipper"]
[SourceDate "2017.03.04"]
[SourceVersion "1"]
[SourceVersionDate "2017.03.04"]
[SourceQuality "2"]

1. e4 e6 2. d4 d5 3. Nc3 Bb4 4. e5 c5 5. a3 Bxc3+ 6. bxc3 Qa5 7. Bd2 Qa4 8. Qb1
c4 9. Be2 Nc6 10. f4 Nge7 11. Nf3 Bd7 12. Be3 O-O-O 13. Kd2 f6 1/2-1/2

[Event "Bristol Spring 2017 Fide Open"]
[Site "Bristol"]
[Date "2017.02.26"]
[Round "5.3"]
[White "Villiers, Thomas"]
[Black "Dilleigh, Stephen P"]
[Result "1-0"]
[WhiteElo "2145"]
[BlackElo "2036"]
[PlyCount "81"]
[EventDate "2017.02.24"]
[SourceTitle "Bristol Spring FO 2017"]
[Source "Dave Tipper"]
[SourceDate "2017.03.04"]
[SourceVersion "1"]
[SourceVersionDate "2017.03.04"]
[SourceQuality "2"]

1. e4 e6 2. d4 d5 3. Nd2 c5 4. exd5 Qxd5 5. Ngf3 cxd4 6. Bc4 Qd6 7. O-O Nc6 8.
Nb3 Nf6 9. Nbxd4 Nxd4 10. Nxd4 a6 11. Re1 Qc7 12. Bd3 Bd6 13. h3 O-O 14. Qf3
Be5 15. c3 Rd8 16. Bg5 h6 17. Bh4 Rd5 18. Rad1 Bd7 19. Nf5 Bc6 20. Nxh6+ Kf8
21. Ng4 Nxg4 22. Qxg4 Bf6 23. Bxf6 gxf6 24. Qb4+ Kg7 25. Re4 Rg5 26. Rg4 Rh8
27. Rxg5+ fxg5 28. Qc5 Qf4 29. Be2 Qf6 30. Rd3 Bd5 31. Rg3 Kh6 32. h4 Rg8 33.
hxg5+ Rxg5 34. Qf8+ Kg6 35. Bd3+ Kh5 36. Be2+ Kg6 37. Qg8+ Kf5 38. Bd3+ Kf4 39.
Rxg5 Qxg5 40. Qxf7+ Ke5 41. Qc7+ 1-0

[Event "Bristol Spring 2017 Fide Open"]
[Site "Bristol"]
[Date "2017.02.26"]
[Round "5.4"]
[White "Waddington, Mike P"]
[Black "Sanghera, Parminder"]
[Result "1/2-1/2"]
[WhiteElo "2073"]
[BlackElo "1996"]
[PlyCount "137"]
[EventDate "2017.02.24"]
[SourceTitle "Bristol Spring FO 2017"]
[Source "Dave Tipper"]
[SourceDate "2017.03.04"]
[SourceVersion "1"]
[SourceVersionDate "2017.03.04"]
[SourceQuality "2"]

1. Nc3 c5 2. e4 d6 3. f4 a6 4. Nf3 Nf6 5. g3 b5 6. d3 e6 7. Bg2 Bb7 8. O-O Be7
9. h3 d5 10. e5 Nfd7 11. d4 g6 12. Be3 Nc6 13. Ne2 cxd4 14. Nexd4 Nc5 15. Qe1
Qc7 16. Kh2 h5 17. Bg1 h4 18. g4 Ne4 19. Nxc6 Bxc6 20. Nd4 Bb7 21. Bxe4 dxe4
22. Qe3 g5 23. Rac1 Rg8 24. f5 Qxe5+ 25. Kg2 Rd8 26. c3 Bc5 27. Rcd1 Bd6 28. a3
Bd5 29. Ra1 Bc4 30. Rfd1 Bd5 31. Rf1 Bc4 32. Rfd1 Bd3 33. Nc6 Qd5 34. Nxd8 Kxd8
35. fxe6 Qxe6 36. Qb6+ Ke7 37. Bh2 Rd8 38. Bxd6+ Rxd6 39. Qe3 Qd5 40. Rd2 Rf6
41. Rf2 Rxf2+ 42. Kxf2 Qe5 43. Kg1 Qf4 44. Re1 Kf6 45. Qd4+ Kg6 46. Qe3 f6 47.
b3 Qd6 48. Rd1 Qxa3 49. Rxd3 exd3 50. Qxd3+ Kh6 51. Qd8 Qc5+ 52. Kg2 Qc6+ 53.
Kg1 Qe6 54. Qh8+ Kg6 55. Kf2 Qxb3 56. Qe8+ Qf7 57. Qe4+ Kg7 58. Qa8 Qe6 59.
Qa7+ Kg6 60. Qa8 f5 61. gxf5+ Qxf5+ 62. Kg2 Qe6 63. Kf2 Qxh3 64. Qg8+ Kf6 65.
Qf8+ Ke5 66. Qc5+ Kf6 67. Qf8+ Ke5 68. Qc5+ Kf6 69. Qf8+ 1/2-1/2

[Event "Bristol Spring 2017 Fide Open"]
[Site "Bristol"]
[Date "2017.02.26"]
[Round "5.5"]
[White "Meek, Stephen J"]
[Black "Chapman, Matt"]
[Result "1/2-1/2"]
[WhiteElo "2024"]
[BlackElo "2035"]
[PlyCount "33"]
[EventDate "2017.02.24"]
[SourceTitle "Bristol Spring FO 2017"]
[Source "Dave Tipper"]
[SourceDate "2017.03.04"]
[SourceVersion "1"]
[SourceVersionDate "2017.03.04"]
[SourceQuality "2"]

1. e4 c6 2. d4 d5 3. Nc3 dxe4 4. Nxe4 Bf5 5. Ng3 Bg6 6. h4 h6 7. Nf3 Nd7 8. h5
Bh7 9. Bd3 Bxd3 10. Qxd3 e6 11. Bd2 Qc7 12. O-O-O Ngf6 13. Ne4 Nxe4 14. Qxe4
Nf6 15. Qe2 Bd6 16. g3 O-O 17. Kb1 1/2-1/2

[Event "Bristol Spring 2017 Fide Open"]
[Site "Bristol"]
[Date "2017.02.26"]
[Round "5.6"]
[White "Cherupalli, Ramprasad"]
[Black "Cordner, David A"]
[Result "1/2-1/2"]
[WhiteElo "1850"]
[BlackElo "1981"]
[PlyCount "45"]
[EventDate "2017.02.24"]
[SourceTitle "Bristol Spring FO 2017"]
[Source "Dave Tipper"]
[SourceDate "2017.03.04"]
[SourceVersion "1"]
[SourceVersionDate "2017.03.04"]
[SourceQuality "2"]

1. Nf3 Nf6 2. c4 e6 3. g3 d5 4. Bg2 Be7 5. O-O O-O 6. d4 dxc4 7. Ne5 Nbd7 8.
Nxc4 c5 9. e3 Nb6 10. Ne5 cxd4 11. exd4 Nbd5 12. Nc3 b6 13. Nc6 Qc7 14. Nxe7+
Qxe7 15. Bg5 Bb7 16. Nxd5 Bxd5 17. Bxd5 exd5 18. Qf3 Qe4 19. Qxe4 Nxe4 20. Bf4
g5 21. Be3 f6 22. Rfc1 Rac8 23. Kf1 1/2-1/2

[Event "Bristol Spring 2017 Fide Open"]
[Site "Bristol"]
[Date "2017.02.26"]
[Round "5.7"]
[White "Kramaley, David"]
[Black "Sagues, Vincent"]
[Result "1/2-1/2"]
[WhiteElo "1816"]
[BlackElo "1923"]
[PlyCount "30"]
[EventDate "2017.02.24"]
[SourceTitle "Bristol Spring FO 2017"]
[Source "Dave Tipper"]
[SourceDate "2017.03.04"]
[SourceVersion "1"]
[SourceVersionDate "2017.03.04"]
[SourceQuality "2"]

1. e4 e6 2. d4 d5 3. Nd2 Nf6 4. e5 Nfd7 5. Ngf3 c5 6. c3 Nc6 7. Bd3 cxd4 8.
cxd4 f6 9. exf6 Nxf6 10. O-O Bd6 11. Re1 O-O 12. b3 Qb6 13. Bb2 Bd7 14. Rc1
Rae8 15. Bb1 Re7 1/2-1/2

[Event "Bristol Spring 2017 Fide Open"]
[Site "Bristol"]
[Date "2017.02.26"]
[Round "5.8"]
[White "Bryant, Jon"]
[Black "Chapman, Andrew N"]
[Result "1-0"]
[WhiteElo "1821"]
[BlackElo "2187"]
[PlyCount "133"]
[EventDate "2017.02.24"]
[SourceTitle "Bristol Spring FO 2017"]
[Source "Dave Tipper"]
[SourceDate "2017.03.04"]
[SourceVersion "1"]
[SourceVersionDate "2017.03.04"]
[SourceQuality "2"]

1. Nf3 d5 2. d4 Nf6 3. c4 e6 4. g3 c5 5. cxd5 exd5 6. Nc3 Nc6 7. Bg2 Be7 8. O-O
O-O 9. Bg5 cxd4 10. Nxd4 h6 11. Be3 Re8 12. Nxc6 bxc6 13. Na4 Ng4 14. Bd4 Bf6
15. Re1 Bxd4 16. Qxd4 Qf6 17. Qxf6 Nxf6 18. Rac1 Ba6 19. Bf1 Ne4 20. Nc5 Nxc5
21. Rxc5 Re6 22. e3 Bxf1 23. Kxf1 Rb8 24. b3 Rb6 25. Rd1 Kf8 26. Rd4 a6 27. Ra5
Re7 28. Ke2 Ra7 29. Kd3 Ke7 30. h4 Ke6 31. e4 Rb5 32. Rda4 dxe4+ 33. Kxe4 Rb6
34. h5 g6 35. g4 Kd6 36. Kd4 Rb5 37. hxg6 fxg6 38. f3 c5+ 39. Kc4 Rb6 40. Rxc5
Rh7 41. Raa5 Kd7 42. b4 Rf6 43. b5 axb5+ 44. Kxb5 Rff7 45. Ra7+ Kd8 46. Rxf7
Rxf7 47. Rc6 Rxf3 48. Rxg6 Ra3 49. Rxh6 Rxa2 50. Re6 Rg2 51. Re4 Kd7 52. Kc5
Rg1 53. Kd4 Rg3 54. Ke5 Rg1 55. Kf6 Rf1+ 56. Kg6 Ra1 57. g5 Ra5 58. Kh6 Ra1 59.
g6 Rh1+ 60. Kg7 Rh2 61. Kg8 Rg2 62. g7 Rg3 63. Kf7 Rf3+ 64. Kg6 Rg3+ 65. Kh6
Kd8 66. Rh4 Ke8 67. Kh7 1-0

[Event "Bristol Spring 2017 Fide Open"]
[Site "Bristol"]
[Date "2017.02.26"]
[Round "5.9"]
[White "Fowler, Hugo"]
[Black "Gazes, Matthew"]
[Result "0-1"]
[WhiteElo "1553"]
[BlackElo "2080"]
[PlyCount "54"]
[EventDate "2017.02.24"]
[SourceTitle "Bristol Spring FO 2017"]
[Source "Dave Tipper"]
[SourceDate "2017.03.04"]
[SourceVersion "1"]
[SourceVersionDate "2017.03.04"]
[SourceQuality "2"]

1. e4 Nf6 2. e5 Nd5 3. d4 d6 4. c4 Nb6 5. f4 g6 6. Nc3 Bg7 7. Be3 Be6 8. Nf3
O-O 9. b3 c5 10. dxc5 N6d7 11. cxd6 exd6 12. Qxd6 Nxe5 13. Qd2 Nxf3+ 14. gxf3
Nc6 15. Rd1 Qh4+ 16. Bf2 Qe7 17. Be2 Bh3 18. Nd5 Qa3 19. Nc7 Rad8 20. Nd5 Rfe8
21. Be3 b5 22. cxb5 Ne7 23. Bc4 Nf5 24. Qf2 Nxe3 25. Nxe3 Bc3+ 26. Rd2 Qc1+ 27.
Ke2 Qxd2# 0-1

[Event "Bristol Spring 2017 Fide Open"]
[Site "Bristol"]
[Date "2017.02.26"]
[Round "5.10"]
[White "Waters, Andrew C"]
[Black "Bennett, Dominic L"]
[Result "1/2-1/2"]
[WhiteElo "1792"]
[BlackElo "1944"]
[PlyCount "126"]
[EventDate "2017.02.24"]
[SourceTitle "Bristol Spring FO 2017"]
[Source "Dave Tipper"]
[SourceDate "2017.03.04"]
[SourceVersion "1"]
[SourceVersionDate "2017.03.04"]
[SourceQuality "2"]

1. e4 c6 2. Ne2 g6 3. d4 Bg7 4. Nbc3 d6 5. Be3 b5 6. a3 a6 7. f3 Nd7 8. g4 h5
9. g5 Bb7 10. h4 Qc7 11. Bh3 a5 12. O-O b4 13. axb4 axb4 14. Rxa8+ Bxa8 15. Qa1
Bb7 16. Na4 e6 17. c3 bxc3 18. bxc3 Ne7 19. Qa2 Ba6 20. Ra1 Bxe2 21. Qxe2 O-O
22. Nb2 Rb8 23. Nd3 Rb3 24. Ra8+ Kh7 25. Qc2 Rb8 26. Rxb8 Qxb8 27. Qb2 Qc7 28.
Qb3 d5 29. e5 c5 30. Qa2 Nc6 31. f4 c4 32. Nb2 Bf8 33. Bg2 Qa7 34. Qxa7 Nxa7
35. Na4 Be7 36. Bf3 Bd8 37. Bd1 Ba5 38. Bd2 Nb5 39. Nc5 Nxc5 40. dxc5 d4 41.
Ba4 Nc7 42. Kf2 dxc3 43. Bc1 Bb4 44. c6 Nd5 45. Bb5 Bc5+ 46. Ke1 Bb6 47. Bxc4
Nb4 48. Bb5 Nc2+ 49. Kd1 Nb4 50. Ba4 Nd3 51. Kc2 Nxc1 52. Kxc1 Kg7 53. Kc2 Kf8
54. Kxc3 Ke7 55. Kc4 Kd8 56. Bd1 Bf2 57. Kd3 Bxh4 58. Bf3 Bg3 59. Ke3 Be1 60.
Be4 Bc3 61. Bh1 Bb2 62. Be4 Bc1+ 63. Kf3 Bb2 1/2-1/2

[Event "Bristol Spring 2017 Fide Open"]
[Site "Bristol"]
[Date "2017.02.26"]
[Round "5.11"]
[White "French, Max"]
[Black "Timmins, Chris P"]
[Result "1-0"]
[WhiteElo "1930"]
[BlackElo "1788"]
[PlyCount "119"]
[EventDate "2017.02.24"]
[SourceTitle "Bristol Spring FO 2017"]
[Source "Dave Tipper"]
[SourceDate "2017.03.04"]
[SourceVersion "1"]
[SourceVersionDate "2017.03.04"]
[SourceQuality "2"]

1. d4 d6 2. e4 e5 3. Nc3 exd4 4. Qxd4 Nc6 5. Qe3 Nf6 6. Bd2 Be7 7. O-O-O O-O 8.
f3 d5 9. Nxd5 Nxd5 10. exd5 Qxd5 11. c4 Qc5 12. Qxc5 Bxc5 13. Bd3 Be6 14. Bc3
Rfd8 15. Ne2 Rxd3 16. Rxd3 Bxc4 17. Rhd1 Bxd3 18. Rxd3 Rd8 19. Rxd8+ Nxd8 20.
Nd4 f6 21. Kc2 Kf7 22. Nb3 Bg1 23. h3 Ke6 24. Kd3 Kd5 25. Nd4 c5 26. Ne2 c4+
27. Kd2 Bc5 28. Nf4+ Kc6 29. Nh5 Ne6 30. f4 Bf8 31. Ke3 f5 32. g4 fxg4 33. hxg4
Kd5 34. f5 Bc5+ 35. Kd2 Nd4 36. Nxg7 Ke4 37. Nh5 b5 38. Nf6+ Kf4 39. Bxd4 Bxd4
40. Nxh7 Bxb2 41. f6 Kxg4 42. f7 Bg7 43. f8=Q Bxf8 44. Nxf8 Kf5 45. Ke3 a5 46.
Kd4 Kf6 47. Nd7+ Ke6 48. Nc5+ Kd6 49. Ne4+ Ke6 50. Nd2 Kd6 51. Nb1 Kc6 52. Nd2
Kd6 53. Nb1 Kc6 54. Na3 Kb6 55. Kd5 a4 56. Nc2 b4 57. Nxb4 Kb5 58. a3 c3 59.
Kd4 c2 60. Nxc2 1-0

[Event "Bristol Spring 2017 Fide Open"]
[Site "Bristol"]
[Date "2017.02.26"]
[Round "5.12"]
[White "Howell, Oliver W"]
[Black "Hamilton, Selwyn Ll"]
[Result "1/2-1/2"]
[WhiteElo "1771"]
[BlackElo "1750"]
[PlyCount "98"]
[EventDate "2017.02.24"]
[SourceTitle "Bristol Spring FO 2017"]
[Source "Dave Tipper"]
[SourceDate "2017.03.04"]
[SourceVersion "1"]
[SourceVersionDate "2017.03.04"]
[SourceQuality "2"]

1. Nf3 d5 2. c4 Nf6 3. g3 c6 4. Bg2 Bg4 5. O-O e6 6. d3 Bxf3 7. Bxf3 g6 8. Qb3
Qb6 9. Qxb6 axb6 10. cxd5 Nxd5 11. Bd2 Bg7 12. Nc3 Nxc3 13. Bxc3 O-O 14. d4 Nd7
15. Rfd1 Nf6 16. e4 Rfd8 17. a3 Rd7 18. Rd3 Rad8 19. Rad1 e5 20. d5 cxd5 21.
Bxe5 dxe4 22. Rxd7 Rxd7 23. Rxd7 Nxd7 24. Bxg7 Kxg7 25. Bxe4 Nc5 26. Bd5 Nd3
27. b4 Ne1 28. b5 Nc2 29. a4 Nd4 30. Kf1 Ne6 31. Bxe6 fxe6 32. Ke2 Kf6 33. Kd3
Ke5 34. Kc4 Kd6 35. Kd4 e5+ 36. Ke4 h5 37. h4 Ke6 38. f3 Kd6 39. g4 Ke6 40. f4
hxg4 41. fxe5 g3 42. Kf3 Kxe5 43. Kxg3 Kf5 44. Kf3 Ke5 45. Kg4 Kf6 46. Kf4 Ke6
47. Kg5 Kf7 48. Kh6 Kf6 49. Kh7 Kf7 1/2-1/2